[Event "4th Mediterreanean Men & Women Champions"]
[Site "Cannes"]
[Date "2007.02.25"]
[Round "9.6"]
[White "Collas, Silvia"]
[Black "Piscopo, Pierluigi"]
[Result "1/2-1/2"]
[WhiteElo "2389"]
[BlackElo "2380"]
[PlyCount "31"]
[EventDate "2007.??.??"]

1. Nf3 Nf6 2. d4 c5 3. e3 g6 4. Be2 Bg7 5. O-O O-O 6. dxc5 Na6 7. Nd4 Nxc5 8.
b4 Na6 9. a3 Nc7 10. Bb2 d5 11. Nd2 e5 12. N4f3 e4 13. Nd4 Qe7 14. Rc1 h5 15.
c4 dxc4 16. Rxc4 1/2-1/2

[Event "4th Mediterreanean Men & Women Champions"]
[Site "Cannes"]
[Date "2007.02.25"]
[Round "9.7"]
[White "Drljevic, Ljilja"]
[Black "El Gindy, Essam"]
[Result "0-1"]
[WhiteElo "2243"]
[BlackElo "2523"]
[PlyCount "90"]
[EventDate "2007.??.??"]

1. e4 c5 2. d3 Nc6 3. g3 g6 4. Bg2 Bg7 5. f4 e6 6. Nf3 Nge7 7. O-O O-O 8. Kh1
b6 9. Nc3 Bb7 10. g4 f5 11. h3 a6 12. Ne2 d5 13. e5 d4 14. c4 dxc3 15. bxc3 Qd7
16. d4 cxd4 17. cxd4 Nd5 18. gxf5 gxf5 19. Qb3 b5 20. Bd2 b4 21. Ng3 Qe8 22. a3
Bh6 23. Ne2 a5 24. axb4 axb4 25. Rxa8 Qxa8 26. Rg1 Kh8 27. Ng5 Bxg5 28. fxg5
Na5 29. Qg3 Nc4 30. Bc1 Rg8 31. h4 Qa2 32. Nf4 Nxf4 33. Qxf4 Bxg2+ 34. Rxg2 Qa8
35. h5 b3 36. Kh2 Qe4 37. Kg3 Ra8 38. Qxe4 fxe4 39. Rf2 Kg8 40. Kf4 e3 41. Re2
Ra1 42. d5 Rxc1 43. dxe6 b2 44. e7 Kf7 45. g6+ hxg6 0-1

[Event "4th Mediterreanean Men & Women Champions"]
[Site "Cannes"]
[Date "2007.02.25"]
[Round "9.9"]
[White "Calzetta, Monica"]
[Black "Peric, Slavisa"]
[Result "1/2-1/2"]
[WhiteElo "2352"]
[BlackElo "2306"]
[PlyCount "97"]
[EventDate "2007.??.??"]

1. e4 e6 2. d4 d5 3. Nd2 dxe4 4. Nxe4 Bd7 5. Nf3 Bc6 6. Bd3 Nd7 7. O-O Ngf6 8.
Ned2 Be7 9. Re1 O-O 10. c4 b6 11. Qc2 Bb7 12. b3 c5 13. Bb2 cxd4 14. Nxd4 Rc8
15. Rad1 Re8 16. Rxe6 Nc5 17. Re3 Bd6 18. Rxe8+ Qxe8 19. Bf5 Rd8 20. N2f3 Bb8
21. Re1 Qf8 22. b4 Ncd7 23. Qc3 Re8 24. Bxd7 Rxe1+ 25. Qxe1 Nxd7 26. Nf5 Bxf3
27. gxf3 f6 28. Qe6+ Qf7 29. Ne7+ Kf8 30. Qxd7 Qxe7 31. Qc8+ Qe8 32. Qxe8+ Kxe8
33. h3 Kd7 34. Kf1 Kc6 35. Ke2 a5 36. bxa5 bxa5 37. Ba3 g5 38. Be7 Be5 39. Kd3
Kd7 40. Bc5 f5 41. Bb6 a4 42. Bd4 Bc7 43. Be3 h6 44. c5 Kc6 45. Kc4 Ba5 46. Bd4
Be1 47. Be3 Ba5 48. Bd4 Be1 49. Be3 1/2-1/2

[Event "4th Mediterreanean Men & Women Champions"]
[Site "Cannes"]
[Date "2007.02.25"]
[Round "9.11"]
[White "Van Hoolandt, Patrick"]
[Black "Titova-Boric, Elena"]
[Result "1/2-1/2"]
[WhiteElo "2257"]
[BlackElo "2281"]
[PlyCount "38"]
[EventDate "2007.??.??"]

1. d4 d5 2. c4 c6 3. cxd5 cxd5 4. Nf3 Nf6 5. Nc3 Nc6 6. Bf4 a6 7. Rc1 e6 8. e3
Be7 9. Bd3 O-O 10. O-O Nh5 11. Be5 f6 12. Bg3 Nxg3 13. hxg3 f5 14. g4 fxg4 15.
Ne5 Nxe5 16. dxe5 g3 17. Qh5 g6 18. Bxg6 hxg6 19. Qxg6+ Kh8 1/2-1/2

[Event "4th Mediterreanean Men & Women Champions"]
[Site "Cannes"]
[Date "2007.02.25"]
[Round "9.12"]
[White "Nikac, Predrag"]
[Black "Ozturk, Kubra"]
[Result "1-0"]
[WhiteElo "2383"]
[BlackElo "2131"]
[PlyCount "145"]
[EventDate "2007.??.??"]

1. f4 d5 2. Nf3 c5 3. g3 Nc6 4. Bg2 g6 5. d3 Bg7 6. O-O Nf6 7. Qe1 d4 8. Na3
O-O 9. Nc4 Nb4 10. Qd1 Nbd5 11. h3 Rb8 12. g4 Ne8 13. a4 b6 14. Qe1 Bb7 15. f5
Nd6 16. fxg6 fxg6 17. Qh4 Qd7 18. Nce5 Bxe5 19. Nxe5 Rxf1+ 20. Bxf1 Qe6 21. Qg3
Nf6 22. c4 Kg7 23. a5 Rf8 24. Nf3 Nd7 25. axb6 axb6 26. Qh4 Nf7 27. Ra7 Bc6 28.
Ng5 Nxg5 29. Bxg5 Rf7 30. Rc7 Nf6 31. Bh6+ Kg8 32. Qg3 Ne8 33. Rxc6 Qxc6 34.
Bg2 Qc7 35. Qe1 Qe5 36. Qa1 Ng7 37. Qa8+ Rf8 38. Qc6 Qf6 39. Qe4 e6 40. Bd2 g5
41. Bf3 h6 42. b4 Ne8 43. Kg2 e5 44. bxc5 bxc5 45. Qd5+ Kg7 46. Qxc5 Kh8 47.
Be1 Qd6 48. Qa5 Qc7 49. Qb5 Ng7 50. Bg3 Re8 51. c5 Re7 52. Qb6 Ne6 53. Qd6 Qxc5
54. Bxe5+ Kg8 55. Qxc5 Nxc5 56. Bd6 Nxd3 57. Bxe7 Nf4+ 58. Kg3 d3 59. exd3 Nxd3
60. Bd5+ Kg7 61. Bd6 Kf6 62. Be4 Nb2 63. Bf8 Nc4 64. Bxh6 Nd6 65. Bd3 Nf7 66.
Bf8 Ne5 67. Bb1 Nc6 68. Bc5 Nd8 69. Bd4+ Kf7 70. Be4 Ke7 71. Be3 Kf6 72. Bd5
Ke5 73. Bxg5 1-0

[Event "4th Mediterreanean Men & Women Champions"]
[Site "Cannes"]
[Date "2007.02.25"]
[Round "9.13"]
[White "Solic, Kristina"]
[Black "Garcia, Raul"]
[Result "0-1"]
[WhiteElo "2155"]
[BlackElo "2233"]
[PlyCount "79"]
[EventDate "2007.??.??"]

1. e4 c5 2. Nf3 e6 3. d4 cxd4 4. Nxd4 a6 5. c4 Nf6 6. Bd3 Qc7 7. Nc3 Nc6 8.
Nxc6 dxc6 9. O-O e5 10. Kh1 Be6 11. Qe2 Bd6 12. h3 O-O 13. Be3 Nd7 14. Rad1
Rfe8 15. Bb1 Bf8 16. f4 exf4 17. Bxf4 Ne5 18. b3 f6 19. Qf2 Rad8 20. Qg3 Bf7
21. Bc2 Bg6 22. Ne2 Qa5 23. a4 Bh5 24. Rxd8 Rxd8 25. Ng1 Re8 26. Bc1 Bg6 27.
Ne2 Nf7 28. Qh4 Nd6 29. Rf4 Qe5 30. Be3 Qa1+ 31. Kh2 Qb2 32. Bd3 Qxb3 33. Nc1
Qc3 34. Rg4 Nf7 35. Bf4 Ne5 36. Rg3 Nxd3 37. Nxd3 Qxc4 38. Nf2 Qe6 39. Rd3 Bc5
40. Ng4 0-1

[Event "4th Mediterreanean Men & Women Champions"]
[Site "Cannes"]
[Date "2007.02.25"]
[Round "9.14"]
[White "Gutierrez Castillo, Paloma"]
[Black "Lebel, Patrick"]
[Result "1/2-1/2"]
[WhiteElo "2192"]
[BlackElo "2165"]
[PlyCount "34"]
[EventDate "2007.??.??"]

1. e4 Nf6 2. e5 Nd5 3. c4 Nb6 4. d4 d6 5. exd6 exd6 6. h3 Be7 7. Nf3 O-O 8. Bd3
Nc6 9. b3 Bf6 10. Be3 Nb4 11. Nc3 d5 12. c5 Nd7 13. Bb1 Nxc5 14. a3 Nc6 15. Qc2
Ne4 16. Nxe4 dxe4 17. Qxe4 g6 1/2-1/2

[Event "4th Mediterreanean Men & Women Champions"]
[Site "Cannes"]
[Date "2007.02.25"]
[Round "9.16"]
[White "Messina, Roberta"]
[Black "Lebel-Arias, Julia"]
[Result "0-1"]
[WhiteElo "1834"]
[BlackElo "1989"]
[PlyCount "124"]
[EventDate "2007.??.??"]

1. e4 g6 2. d4 Bg7 3. Nc3 c6 4. f4 d5 5. e5 h5 6. Nf3 Nh6 7. Be3 Bg4 8. Be2 e6
9. Qd2 Nf5 10. Bf2 Bf8 11. O-O-O Be7 12. Kb1 Nd7 13. h3 Bxf3 14. Bxf3 h4 15.
Bg4 Nf8 16. Rhg1 Qc7 17. g3 hxg3 18. Bxg3 O-O-O 19. Bf2 Kb8 20. Ne2 Qb6 21. Qc3
Rc8 22. Qb3 Qxb3 23. axb3 Bh4 24. Bxh4 Rxh4 25. Nc3 Rd8 26. Rd3 b6 27. b4 Ne7
28. b3 Nd7 29. Na4 Kb7 30. Kb2 Ra8 31. Ra1 a5 32. bxa5 Rxa5 33. Nc3 Rxa1 34.
Kxa1 b5 35. Kb2 Kb6 36. Rd1 c5 37. Ne2 cxd4 38. Nxd4 Nc5 39. Nf3 Rh8 40. Ng5
Rf8 41. h4 Nc6 42. Rh1 b4 43. Rh2 Nd4 44. Rd2 Nb5 45. h5 gxh5 46. Bxh5 Nc3 47.
Nxf7 Ra8 48. Rd4 Ra2+ 49. Kc1 N5e4 50. Rxb4+ Kc5 51. Rb8 Ra1+ 52. Kb2 Rb1+ 53.
Ka3 Nb5+ 54. Rxb5+ Kxb5 55. c4+ Kc5 56. cxd5 exd5 57. f5 Nc3 58. Nd6 d4 59. f6
Ra1+ 60. Kb2 Ra2+ 61. Kc1 d3 62. Nc4 Rc2# 0-1